000
00193 a2200097 4500
020
_a
9789580494126
041
_a
spa
100
_a
Nieves luis lopez
245
_a
Escribir para rafa
942
_c
BK
999
_c
10736
_d
10736